| 000 | 01622nam a2200229Ia 4500 | ||
|---|---|---|---|
| 003 | Ost | ||
| 005 | 20260507075101.0 | ||
| 008 | 260507s9999||||xx |||||||||||||| ||und|| | ||
| 040 | _cfsecg | ||
| 041 | _aara | ||
| 082 | _a330 | ||
| 100 |
_aدراز حامد عبد المجيد _eمؤلف |
||
| 245 | 0 |
_aمبادئ الاقتصاد الدولي / _c دراز حامد عبد المجيد |
|
| 260 |
_aالاسكندرية: _bالدار الجامعية, _c2003 |
||
| 300 |
_a398 صفحة؛ _bإيضاحات ؛ _c23 سم |
||
| 520 | _aالقروض العامة،تطور الفكر المالي بالنسبة للسياسة الائتمانية العامة،أنواع القروض العامة وخصائصها،الآثار الاقتصادية للقروض العامة-الانفاق العام،أهمية الانفاق العام وتطور الفكر الاقتصادي،مفهوم النفقة العامة،تقسيم النفقات العامة،معايير توزيع الانفاق العام،الآثار الاقتصادية للنفقات المصري،ميزانية الدولة،مفهوم ميزانية الدولة،دورة الميزانية العامة،تقسيمات الميزانية وتبويباتها،الرقابة المالية | ||
| 653 | _aالاقتصاد | ||
| 653 | _aالاقتصاد المالي | ||
| 653 | _aالقروض | ||
| 700 |
_aالسيد حجازي، المرسى _eمؤلف ثانوي |
||
| 942 | _cكتاب | ||
| 999 |
_c42797 _d42797 |
||